|
|
|
|
| LEADER |
00000nam0a2200000 4500 |
| 001 |
223318 |
| 005 |
20231031200205.0 |
| 020 |
|
|
|a RU
|b 90-7245
|
| 035 |
|
|
|a (RuTPU)RU\TPU\book\243560
|
| 090 |
|
|
|a 223318
|
| 100 |
|
|
|a 20121009d1989 m a0rusy5003 ca
|
| 101 |
0 |
|
|a rus
|
| 102 |
|
|
|a RU
|
| 105 |
|
|
|a y z 001zy
|
| 200 |
1 |
|
|a Начала теории сходства
|f Ю. А. Воронин
|g Академия наук СССР (АН СССР), Сибирское отделение (СО), Вычислительный центр ; под ред. Э. А. Еганова, В. В. Аксенова
|
| 210 |
|
|
|a Новосибирск
|c ВЦ СО АН СССР
|d 1989
|
| 215 |
|
|
|a 120 с.
|d 20 см
|
| 320 |
|
|
|a Библиогр.: с. 108-119 (165 назв.)
|
| 610 |
1 |
|
|a полезные ископаемые
|
| 610 |
1 |
|
|a поиски
|
| 610 |
1 |
|
|a разведка
|
| 610 |
1 |
|
|a математические методы
|
| 610 |
1 |
|
|a сходства
|
| 675 |
|
|
|a 550.8
|z rus
|
| 700 |
|
1 |
|a Воронин
|b Ю. А.
|g Юрий Александрович
|4 070
|
| 702 |
|
1 |
|a Еганов
|b Э. А.
|4 340
|
| 702 |
|
1 |
|a Аксенов
|b В. В.
|4 340
|
| 712 |
0 |
2 |
|a Академия наук СССР (АН СССР)
|b Сибирское отделение (СО)
|b Вычислительный центр
|c (Новосибирск)
|2 stltpush
|3 (RuTPU)RU\TPU\col\11456
|
| 801 |
|
0 |
|a RU
|b RuMRKP
|c 19950417
|g psbo
|
| 801 |
|
1 |
|a RU
|b 63413507
|c 20121009
|
| 801 |
|
2 |
|a RU
|b 63413507
|c 20121010
|g RCR
|
| 942 |
|
|
|c BK
|